Approaching Environmental Sustainability of Agriculture: Environmental Burden, Eco-Efficiency or Eco-Effectiveness

Porovnanie troch prístupov k meraniu environmentálnej udržateľnosti poľnohospodárstva: index environmentálnej záťaže, udržateľná hodnota ekologicky efektívnej výroby, udržateľná hodnota ekologicky efektívneho hospodárstva.

Saved in:
Bibliographic Details
Main Author: Czyzewski, Bazyli
Other Authors: Matuszczak, Anna, Muntean, Andreea
Format: Book Chapter
Language:English
Subjects:
Tags: Add Tag
No Tags, Be the first to tag this record!

MARC

LEADER 00000naa a2200000 4500
001 0258014
005 20190904101905.7
041 0 |a eng 
044 |a CZ 
245 1 0 |a Approaching Environmental Sustainability of Agriculture: Environmental Burden, Eco-Efficiency or Eco-Effectiveness  |c Bazyli Czyzewski, Anna Matuszczak, Andreea Muntean 
520 |a Porovnanie troch prístupov k meraniu environmentálnej udržateľnosti poľnohospodárstva: index environmentálnej záťaže, udržateľná hodnota ekologicky efektívnej výroby, udržateľná hodnota ekologicky efektívneho hospodárstva. 
610 2 0 |a rozvoj trvalo udržateľný 
610 2 0 |a Európa 
610 2 0 |a environmentalistika 
610 2 0 |a poľnohospodárstvo 
610 2 0 |a regióny 
100 1 |a Czyzewski, Bazyli 
700 1 |a Matuszczak, Anna 
700 1 |a Muntean, Andreea